Το έπος του Γκιλγκαμές
Αποθηκεύτηκε σε:
| Άλλοι συγγραφείς: | |
|---|---|
| Μορφή: | Βιβλίο |
| Γλώσσα: | Greek |
| Δημοσίευση: |
Αθήνα :
Ιστός,
c2001
|
| Έκδοση: | 2η έκδ. |
| Θέματα: | |
| Ετικέτες: |
Προσθήκη ετικέτας
Δεν υπάρχουν, Καταχωρήστε ετικέτα πρώτοι!
|
MARC
| LEADER | 00000cam a2200000 i 4500 | ||
|---|---|---|---|
| 001 | 1/32120 | ||
| 008 | 030129s2001 gre d | ||
| 020 | |a 960-320-105-7 | ||
| 035 | |l 10069281 | ||
| 040 | |a GR-MY-UA |b gre |e aacr | ||
| 041 | 0 | |a gre | |
| 082 | 0 | |a 892.1 | |
| 245 | 1 | 3 | |a Το έπος του Γκιλγκαμές / |c εισαγωγή-απόδοση Αύρα Ward |
| 250 | |a 2η έκδ. | ||
| 260 | |a Αθήνα : |b Ιστός, |c c2001 | ||
| 300 | |a 230 σ. | ||
| 650 | 0 | 0 | |a Epic poetry, Assyro-Babylonian. |
| 700 | 1 | |a Ward, Αύρα. |4 trl | |
| 852 | |a INST |b RHODES |e 20030129 |h 892.1 ΕΠΟ |p 005400015841 |q 005400015841 |t BK |y 0 | ||
| 901 | |a BIBL4-2003-1 | ||
| 909 | |a Ρ |b 101588 | ||
| 970 | |a ΚΟΥΛΑΚΙΟΤΗ |b ΛΙΤΣΑ |z 2003/01/29 | ||